000 00740nam a2200193 i 4500
001 16441
003 ES-MaACL
007 t|
008 000921s1932 sp ||||1| spa d
080 _a616-053.2-07
100 1 _aFeer, E.
_949088
245 1 0 _aDiagnóstico de las enfermedades de los niños con especial consideración de los niños de pecho
_b: guía práctica para médicos y estudiantes /
_cpor E. Feer ; traducción de la cuarta edición alemana por F. Sánchez Sarachaga.
250 _a3ª ed.
260 _aMadrid :
_bLabor,
_c1932.
300 _a439 p. :
_bil. ;
_c25 cm.
650 1 4 _aNiños-
_xDiagnóstico de enfermedades.
_915545
700 1 _aSánchez-Sarachaga, Fernando.
_9102929
852 _aES-MaACL
_jG-2173
_bR.110976
999 _c16441
_d16441